|
|
|
|
| LEADER |
00568nam a22001697a 4500 |
| 008 |
210930b |||||||| |||| 00| 0 eng d |
| 041 |
|
|
|a eng
|
| 082 |
|
|
|2 23
|a 133.59445
|
| 100 |
|
|
|9 1581374
|a Jain, Sanat Kumar
|
| 245 |
|
|
|a Astrology:
|b science or myth/
|c Sanat Kumar Jain
|
| 260 |
|
|
|a New Delhi:
|b Atlantic,
|c 2003.
|
| 300 |
|
|
|a 439p.
|c 21cm.
|
| 546 |
|
|
|a english
|
| 653 |
|
|
|a Hindu astrology
|
| 942 |
|
|
|c BK
|
| 999 |
|
|
|c 361797
|d 361797
|
| 952 |
|
|
|0 0
|1 0
|2 ddc
|4 0
|6 133_594450000000000_JAI_A
|7 0
|9 420893
|a FLK
|b FLK
|c ST1
|d 2021-09-30
|g 275.00
|i 1575A
|o 133.59445 JAI/A
|p FLK1575A
|r 2021-09-30
|y BK
|